| 000 | 00616nam a2200217 a 4500 | ||
|---|---|---|---|
| 005 | 20240831063707.0 | ||
| 008 | 991125s1997 mx 000 0 spa u | ||
| 020 | _a9682994403 | ||
| 035 | _aUPN01000049999 | ||
| 049 | _aI | ||
| 050 | 4 |
_aPZ10.3 _bC3.5 |
|
| 100 | 1 |
_aCarreño, Mada, _d1914-2000 _930050 |
|
| 245 | 1 | 3 |
_aLa pulga Cecilia / _cMada Carreño ; il. Mada Carreño. |
| 260 |
_aMéxico : _bCNCA, _c1997. |
||
| 300 |
_a27 p. : _bil. col. |
||
| 440 | 0 | _aEn cuento | |
| 650 | 0 |
_aAnimales _vCuentos y leyendas _9234 |
|
| 650 | 4 |
_aCuentos infantiles españoles _97725 |
|
| 905 | _aInfantil | ||
| 999 |
_c49999 _d49999 |
||